header

Reassessing Foucault (Record no. 1192)

MARC details
000 -LEADER
fixed length control field 01426nam a2200349Ia 4500
245 00 - TITLE STATEMENT
Title Reassessing Foucault
260 ## - PUBLICATION, DISTRIBUTION, ETC. (IMPRINT)
Place of publication London ;
-- New York :
Name of publisher Routledge,
Year of publication 1998.
300 ## - PHYSICAL DESCRIPTION
Number of Pages x, 226 p.
490 1# - SERIES STATEMENT
Series statement Studies in the social history of medicine
500 ## - GENERAL NOTE
General note "First published in paperback 1998."
650 #0 - SUBJECT ADDED ENTRY--TOPICAL TERM
Topical Term Power (Social sciences)
Topical Term Associations, institutions, etc.
Topical Term Social medicine.
700 1# - ADDED ENTRY--PERSONAL NAME
Personal name Jones, Colin,
Personal name Porter, Roy,
856 40 - ELECTRONIC LOCATION AND ACCESS
Uniform Resource Identifier http://site.ebrary.com/lib/rucke/Doc?id=5001428

No items available.

© 2026 Rongo University
Contact us: librarian | system librarian | Rongo university